00495 2200205 4500001002100000008004100021035002000062245001900082100001200101110001200113260003200125300001200157020001800169084001400187082000800201650001900209990001900228990002100247990002100268INLIS000000000001289 ind  a0010-0724001289 aMesincWardani aWardani aWardani aSurabayabWahana Ilmuc2007 a20 hlm. a979.9409.56.X a612 WAR m a612 aFisika Terapan aP29/CP/24/1289 aP29/CP/24/1289.1 aP29/CP/24/1289.2